LEADER 00958nam a2200253 i 4500 001 991001733819707536 005 20020502201645.0 008 970908s1994 it ||| | ita 020 $a8815047522 035 $ab10899728-39ule_inst 035 $aLE02375589$9ExL 040 $aDip.to Studi Storici$bita 082 0 $a945.41 100 1 $aBaldissara, Luca$0139579 245 10$aPer una cittą pił bella e pił grande :$bil governo municipale di Bologna negli ultimi anni della ricostruzione (1945-1946) /$cLuca Baldissara 260 $aBologna :$c1994 300 $a424 p. 651 4$aBologna$xAmministrazione$y1945-1946 907 $a.b10899728$b02-04-14$c28-06-02 912 $a991001733819707536 945 $aLE023 945.41 BAL 1 1$g1$i2023000038611$lle023$o-$pE0.00$q-$rl$s- $t0$u0$v0$w0$x0$y.i11005324$z28-06-02 996 $aPer una citta piu bella e piu grande$9498962 997 $aUNISALENTO 998 $ale023$b01-01-97$cm$da $e-$fita$git $h0$i1